Normal view
MARC view
Entry Personal Name
001 - CONTROL NUMBER
- control field: 49745
003 - CONTROL NUMBER IDENTIFIER
- control field: dpl
005 - DATE AND TIME OF LATEST TRANSACTION
- control field: 20120702113727.0
008 - FIXED-LENGTH DATA ELEMENTS
- fixed length control field: 120702|||a|||||| | ||| d
040 ## - CATALOGING SOURCE
- Original cataloging agency: dpl
- Transcribing agency: dpl
100 ## - HEADING--PERSONAL NAME
- Personal name: राव, सी. भास्कर
670 ## - SOURCE DATA FOUND
- Source citation: Work cat.: (dpl): कोहली, नरेन्द्र 49743, सत्यवती/, 2010
670 ## - SOURCE DATA FOUND
- Source citation: Work cat.: (dpl): कोहली, नरेन्द्र 49743, सत्यवती/, 2010
